| Tag |
First Indicator |
Second Indicator |
Subfields |
| LEADER |
00000cam a22000001a 4500 |
| 001 |
in00003081521 |
| 005 |
20190403182925.0 |
| 006 |
m o d |
| 007 |
cr un mmmapmmp |
| 008 |
080407s1951 dcud o f000 0 eng d |
| 035 |
|
|
|a cis2004236366
|
| 040 |
|
|
|a UMI
|c UMI
|d UtOrBLW
|
| 043 |
|
|
|a n-us---
|
| 099 |
|
|
|a ProQuest Serial Set Number 11385 H.rp.3244
|
| 110 |
1 |
|
|a United States.
|b Congress.
|b House.
|
| 245 |
1 |
0 |
|a Crime and Law enforcement in the District of Columbia. Report of the special subcommittee to investigate crime and law enforcement in the District of Columbia pursuant to H. Res. 340 (81st Cong., 1st Sess.).
|
| 246 |
1 |
|
|a Crime and law enforcement in District of Columbia
|
| 264 |
|
1 |
|a Washington :
|b [publisher not identified],
|c 1951.
|
| 300 |
|
|
|a 1 online resource.
|
| 336 |
|
|
|a text
|b txt
|2 rdacontent
|
| 337 |
|
|
|a computer
|b c
|2 rdamedia
|
| 338 |
|
|
|a online resource
|b cr
|2 rdacarrier
|
| 490 |
0 |
|
|a H.rp.3244
|
| 500 |
|
|
|a Record is based on bibliographic data in ProQuest U.S. Serial Set Digital Collection (last viewed Apr. 2008). Reuse except for individual research requires license from ProQuest, LLC.
|
| 510 |
3 |
|
|a ProQuest U.S. Serial Set Digital Collection
|
| 500 |
|
|
|a Electronic resource.
|
| 610 |
1 |
0 |
|a District of Columbia.
|
| 650 |
|
0 |
|a Crime.
|
| 650 |
|
0 |
|a Law enforcement.
|
| 655 |
|
7 |
|a Electronic books.
|2 local
|
| 710 |
2 |
|
|a ProQuest (Firm)
|
| 830 |
|
0 |
|a United States congressional serial set.
|
| 856 |
4 |
0 |
|u http://proxy.library.tamu.edu/login?url=http://congressional.proquest.com/congcomp/getdoc?SERIAL-SET-ID=11385+H.rp.3244
|z Connect to the full text of this electronic book
|t 0
|
| 999 |
|
|
|a MARS
|
| 999 |
f |
f |
|s 9eea32f4-b92b-3c1e-8e7d-60ece2baaf37
|i 5660bc09-6da0-3d94-89f0-7ab9f875d1ef
|t 0
|
| 952 |
f |
f |
|a Texas A&M University
|b College Station
|c Electronic Resources
|d Available Online
|t 0
|e ProQuest Serial Set Number 11385 H.rp.3244
|h Other scheme
|
| 998 |
f |
f |
|a ProQuest Serial Set Number 11385 H.rp.3244
|t 0
|l Available Online
|